000 00691na a2200253 4500
001 18774
003 MIRAKIL
005 20181213155045.0
008 161126b tu 000 0
020 _a9756506288
040 _aMilas
_btur
_cTR-AnCHP
041 _atur
082 _a379.561
_bT21k 2004
090 _a379.561 T21k 2004
100 _aTabanlıoğlu, Mehmet
245 _aKöy enstitüleri destanı
_cMehmet Tabanlıoğlu
260 _aAnkara
_bGüldikeni Yayınevi
_c2004
300 _a303 s.
_c24 sm.
440 _aGüldiken Yayınları
_v30
490 _aDestan
_v2
504 _aKaynakça var
650 _aKöy enstitüleri
_xdevlet düzenlemeleri
942 _2ddc
_cBKS
999 _c5726
_d5726